=LDR 00000nam 2200000 4500 =001 INLIS000000000039870 =005 20130612145455 =008 ***********************************Ind** =035 ##$$0010-061300000039870 =041 ##$$a Ind =082 ##$$a 813 =090 ##$$a 813, How s.2 =100 ##$$a Haward,Linda =245 ##$$a Saat Kuterlena, Linda Haward =260 ##$$a 2008 $b Jakarta =300 ##$$a 488 hlm, 18 cm =700 ##$$a Watumesa Agustina =850 ##$$a NBPNMAT